00880nam a22002657a 450000500170000000800410001701000140005802000260007202000230009803500130012103700150013404000180014908200110016710000180017824500490019626000410024530000380028650400200032465000300034465000310037465000270040594200250043299900170045795201400047420080311082442.0071206s2004 ne a b 001 0 eng  aENG-91805 a9798184242248c750.00 a8184242247c750.00 aEN-73338 bDBAD / PUB adplbEnglish  a597.17 aKapoor, B.G.  aBiology of teleost fishes /cby B.G. Kapoor  aNew Delhi bAllied Publishers c2007 axvi, 527p. :bill. ;c24 cm (Hb)  aIncludes index. aOsteichthyesxPhysiology. aOsteichthyesxDevelopment. aTeleosteixPhysiology. 2ddccENh597.17mKAP c19094d19094 00102ddc40718NFICaDBADbDBADd2008-12-03eDBAD / PUBg750.00l0o597.17 KAPpEN-75338r2008-12-03 00:00:00v750.00w2008-12-03yEN